000 00775nas a2200241 4500
001 BR0905008
003 BR-BrBNA
005 20231205113258.0
007 ta
008 230509b bl.|||p| |||| 00| 00por d
040 _aBR-BrBNA
_bpor
_cBiblioteca Nacional de Agricultura
041 _a(Pt)
072 _aE10
100 1 _aCoelho, A.B.
100 1 _aTeixeira, E.C.
245 1 _aImpactos na produção de políticas desacopladas na agricultura norte-americana: o papel do risco.
650 _aAGRICULTURA
650 _aPOLÍTICA
650 _aESTADOS UNIDOS DA AMÉRICA
773 0 _tRevista de Economia e Sociologia Rural (Brazil)
_xISSN 0103-2003
_g(Jun 2005), v. 43(2) p. 209-223
_wBR0905008
909 _a202311
_bLúcia
_c55
_dLúcia Elande
942 _2AGRIS
_n0
_cANA
999 _c202862
_d202862